Seven Letter Word Chain #2 - Statistics

General Stats
  • This quiz has been taken 1,065 times
  • The average score is 13 of 20
Answer Stats
Hint Answer % Correct
What FedEx, UPS & DHL do to packages DELIVER
94%
The end of this place is where to find a pot of gold RAINBOW
94%
Zeus gave her a box...and she opened it PANDORA
92%
You're doing this while sleepy, and it's contagious YAWNING
89%
A natural environment; a zoo tries to recreate this HABITAT
83%
The opposite meaning of another word ANTONYM
80%
Male version of a witch WARLOCK
79%
Garfield's favorite food LASAGNA
78%
Sunday, a day of rest and worship SABBATH
77%
The study of the environment ECOLOGY
75%
Patella KNEECAP
75%
Taken down in American Football TACKLED
68%
Not just big, ENORMOUS MASSIVE
63%
A lot of women use this type of fake nails ACRYLIC
62%
The last car on the train CABOOSE
54%
An edible jelly, can help for stronger nails & hair GELATIN
53%
Highly excitable, unnaturally antsy or apprehensive NERVOUS
44%
A bunch of spaghetti NOODLES
30%
A feeling or state of great pride and joy ELATION
29%
Disorienting or hallucinatory quality of a dream perhaps SURREAL
16%
No matching quizzes found
Score Distribution
Percent of People with Each Score
Percentile by Number Answered
Your Score History
You have not taken this quiz